000 00478nam a2200181Ia 4500
005 20250326124404.0
008 250326s9999 xx 000 0 und d
037 _aTextbook
040 _aFMSL
_beng
_cFMSL
041 _aeng
_2eng
084 _aX:74 M5
_qFMSL
100 _aCherunilam F
_9737324
245 0 _aBusiness environment
_cCherunilam F
260 _aDelhi
_bDelhi, Himalay
_c1985
300 _a648p
942 _cTB
_hX:74 M5
999 _c1273518
_d1273518